00429nam a22001577a 450000500170000001000150001702000260003203500140005803700130007208200120008510000160009724500570011326000400017027000400021030000210025020170823123235.0 aENG-120003 c295.00a9788171501342 aEN-103535 bDBAD/PUB a808.882 aSingh, S.R. aHandbook of quotations for students /cby S.R. Singh aDelhibIndraprastha Prakashanc2015 aK-71, Krishna Nagar,bDelhie110051 a112p. c22cm(Hb)